000 01086cam a22002774a 4500
999 _c19420
_d19420
001 13055117
005 20170116124502.0
008 030113s2004 njuab b 001 0 eng
010 _a 2003040555
020 _a0130499021
040 _aDLC
_cDLC
_dDLC
042 _apcc
043 _an-us---
050 0 0 _aHD3616
_b.U47W368 2004
100 1 _aWeidenbaum, Murray L.
245 1 0 _aBusiness and government in the global marketplace /
_cMurray L. Weidenbaum.
250 _a7th ed.
260 _aUpper Saddle River, N.J. :
_bPearson/Prentice Hall,
_cc2004.
300 _axvii, 395 p. :
_bill., maps ;
_c24 cm.
504 _aIncludes bibliographical references and index.
650 0 _aIndustrial policy
_zUnited States.
650 0 _aTrade regulation
_zUnited States.
942 _2lcc
_cBOOKS
_hHD3616 .U47W368 2004